Members of the Legislative Assembly Northern Ireland 2017-2022 - Statistics

General Stats
  • This quiz has been taken 4 times
  • The average score is 49 of 90
Answer Stats
Constituency Party Answer % Correct
Fermanagh South Tyrone DUP Arlene Foster
100%
Foyle SDLP Colum Eastwood
100%
West Tyrone SDLP Daniel McCrossan
100%
Fermanagh South Tyrone Sinn Fein Jemma Dolan
100%
Upper Bann Sinn Fein John O'Dowd
100%
Fermanagh South Tyrone Sinn Fein Michelle Gildernew
100%
Mid Ulster Sinn Fein Michelle O'Neill
100%
Strangford UUP Mike Nesbitt
100%
East Belfast Alliance Naomi Long
100%
Fermanagh South Tyrone UUP Rosemary Barton
100%
Fermanagh South Tyrone Sinn Fein Sean Lynch
100%
North Down UUP Alan Chambers
50%
North Down DUP Alex Easton
50%
West Belfast Sinn Fein Alex Maskey
50%
East Belfast UUP Andy Allen
50%
West Tyrone Sinn Fein Barry McElduff
50%
East Derry Sinn Fein Caoimhe Archibald
50%
North Belfast Sinn Fein Caral Ni Chuilin
50%
Upper Bann DUP Carla Lockhart
50%
Newry and Armagh Sinn Fein Cathal Boylan
50%
South Down Sinn Fein Chris Hazzard
50%
East Belfast Alliance Chris Lyttle
50%
South Belfast Green Claire Bailey
50%
South Belfast SDLP Claire Hanna
50%
East Derry Independent Claire Sugden
50%
South Down SDLP Colin McGrath
50%
Newry and Armagh Sinn Fein Conor Murphy
50%
South Antrim Alliance David Ford
50%
East Antrim DUP David Hilditch
50%
South Antrim Sinn Fein Declan Kearney
50%
West Tyrone Sinn Fein Declan McAleer
50%
Upper Bann SDLP Dolores Kelly
50%
Upper Bann UUP Doug Beattie
50%
John Stewart UUP East Antrim
50%
Lagan Valley DUP Edwin Poots
50%
Foyle Sinn Fein Elisha McCallion
50%
West Belfast Sinn Fein Fra McCann
50%
Foyle DUP Gary Middleton
50%
East Derry DUP George Robinson
50%
West Belfast PBPA Gerry Carroll
50%
North Belfast Sinn Fein Gerry Kelly
50%
North Down DUP Gordon Dunne
50%
East Antrim DUP Gordon Lyons
50%
Mid Ulster Sinn Fein Ian Milne
50%
North Antrim TUV Jim Allister
50%
South Down DUP Jim Wells
50%
East Belfast DUP Joanne Bunting
50%
East Derry SDLP John Dallat
50%
Upper Bann DUP Jonathan Buckley
50%
Newry and Armagh SDLP Justin McNulty
50%
Mid Ulster DUP Keith Buchanan
50%
Strangford Alliance Kelly Armstrong
50%
Mid Ulster Sinn Fein Linda Dillon
50%
South Belfast Sinn Fein Mairtin O Muilleor
50%
Foyle SDLP Mark Durkan
50%
East Derry DUP Maurice Bradley
50%
Newry and Armagh Sinn Fein Megan Fearon
50%
North Antrim DUP Mervyn Storey
50%
West Tyrone Sinn Fein Michaela Boyle
50%
North Belfast SDLP Nichola Mallon
50%
West Belfast Sinn Fein Orlaithi Flynn
50%
South Antrim DUP Pam Cameron
50%
Lagan Valley SDLP Pat Catney
50%
West Belfast Sinn Fein Pat Sheehan
50%
Mid Ulster SDLP Patsy McGlone
50%
North Belfast DUP Paula Bradley
50%
South Belfast Alliance Paula Bradshaw
50%
North Antrim DUP Paul Frew
50%
South Antrim DUP Paul Girvan
50%
Lagan Valley DUP Paul Givan
50%
Strangford DUP Peter Weir
50%
North Antrim Sinn Fein Philip McGuigan
50%
Foyle Sinn Fein Raymond McCartney
50%
Lagan Valley UUP Robbie Butler
50%
East Antrim UUP Roy Beggs
50%
Strangford DUP Simon Hamilton
50%
South Down SDLP Sinead Bradly
50%
South Down Sinn Fein Sinead Ennis
50%
North Down Alliance Stephen Farry
50%
South Antrim UUP Steve Aiken
50%
North Down Green Steven Agnew
50%
East Antrim Alliance Stewart Dickson
50%
West Tyrone DUP Thomas Buchanan
50%
Lagan Valley Alliance Trevor Lunn
50%
North Belfast DUP William Humphrey
50%
Newry and Armagh DUP William Irwin
50%
South Belfast DUP Chris Stalford
0%
Strangford DUP Michelle Mcllveen
0%
North Antrim UUP Robbie Swann
0%
East Belfast DUP Robert Newton
0%
No matching quizzes found
Score Distribution
Percent of People with Each Score
Percentile by Number Answered
Your Score History
You have not taken this quiz